15 meistgesprochene Sprachen (mit 2 Hinweisen) - Statistiken

Allgemein
  • Dieses Quiz wurde 3 mal gespielt
  • Das Durchschnittsergebnis liegt bei 5 aus 15
Antwortstatistiken
Rang Sprachfamilie Gesamtsprecher Sprache % Korrekt
12. Indogermanische Sprachen 160 Mio. Deutsch
100%
1. Indogermanische Sprachen 1.453 Mio. Englisch
100%
6. Afroasiatische Sprachen 274 Mio. Hocharabisch
67%
9. Indogermanische Sprachen 258 Mio. Portugiesisch
67%
4. Indogermanische Sprachen 559 Mio. Spanisch
67%
5. Indogermanische Sprachen 274 Mio. Französisch
33%
3. Indogermanische Sprachen 610 Mio. Hindi
33%
13. Japanisch-Ryūkyū 125 Mio. Japanisch
33%
8. Indogermanische Sprachen 258 Mio. Russisch
33%
7. Indogermanische Sprachen 273 Mio. Bengalisch
0%
11. Austronesische Sprachen 199 Mio. Indonesisch
0%
2. Sinotibetische Sprachen 1.118 Mio. Mandarin-Chinesisch
0%
15. Indogermanische Sprachen 99 Mio. Marathi
0%
14. Kreolsprache 121 Mio. Nigerianisches Pidgin
0%
10. Indogermanische Sprachen 231 Mio. Urdu
0%
Keine übereinstimmenden Quizze gefunden
Verteilung der Resultate
Anzahl Personen mit jedem Resultat
Perzentil nach korrekt beantworteten Fragen
Ihre Resultats-Entwicklung
Sie haben dieses Quiz noch nicht gespielt